Left 4 Dead Ultra Quiz - Statistics

General Stats
  • This quiz has been taken 319 times
  • The average score is 49 of 75
Answer Stats
Hint Answer % Correct
Face Humper Jockey
95%
Crying Witch
95%
Ram Charger
94%
Footballer Coach
94%
Jumper Hunter
94%
Tongue Smoker
94%
Acid Thrower Spitter
94%
War Veteran Bill
93%
Vomiter Boomer
93%
Mechanic Ellis
93%
Suit Nick
93%
Beefcake Tank
91%
College Student Zoey
90%
News Reporter Rochelle
89%
Biker Francis
88%
Manager Louis
88%
Red nose, Squeaky shoes Clown
82%
Home Run Baseball Bat
80%
HOWZAT/Englands national sport Cricket Bat
77%
Hatchet Fireaxe
76%
Ninja Sword Katana
75%
Close Range, 8 Shell clip Pump-Shotgun
74%
Healing First Aid Pack
73%
Cooking Utensil Frying Pan
73%
Fire in a bottle Molotov Cocktail
73%
Bass,Electric,Banjo Guitar
72%
Russian version of above AK-47
70%
Hospital No Mercy
70%
Home-made Grenade Pipe-Bomb
70%
Armour Riot Zombie
70%
M1911,P226,Glock Pistol
69%
Mall Dead Center
66%
Small vine cutting blade Machete
66%
Powerful 8 round version of above Magnum
66%
Bill's Death The Sacrifice
66%
m16 Assault Rifle
65%
Gordan Freeman Crowbar
65%
Hardhat Construction Worker
64%
Midnight Riders Dark Carnival
64%
Explosive Launcher Grenade Launcher
64%
Storm Season Hard Rain
64%
Race car driver Jimmy Gibbs Jr
64%
Bombing the bridge The Parish
64%
Under the sewer tour The Passing
64%
Bottle of puke Bilejar
63%
Airport Dead Air
63%
Driver,Wedge,Putter Golf Club
63%
Dirt Crawler Mudmen
62%
Plain Zombie Common
61%
Ragin Cajun Swamp Fever
59%
Uzi SubMachineGun
58%
Chrome Version of the above Chrome Shotgun
57%
Close Range,10 Shell clip, Full Auto Tactical Shotgun
57%
Hazmat Infected Ceda Agent
56%
(NOT CANON) River Cold Stream
54%
Riverside Death Toll
53%
(German Only) CS Melee Knife
53%
Police Baton Nightstick
53%
Barn Blood Harvest
52%
Woodmans Choice Chainsaw
49%
Franchi version of above Combat Shotgun
49%
Truck Yard Crash Course
48%
M60 Machinegun
48%
Scoped Semi-Auto 15 round clip Hunting Rifle
46%
(L4D Survival Only) Lighthouse Last Stand
46%
30 round version of above Military Rifle
43%
Reviving Defibrillator
42%
Dead gun shop owner/Survivor Fallen Survivor
39%
Mac-10 Silenced SubMachineGun
35%
Scar H/L, 3 Round Burst Combat Rifle
33%
(German Only) H&K SMG MP3/MP4/ MP5
32%
Gun shop owner Whittaker
31%
(German Only) Powerful version of above AWP
23%
(German Only) Steyr Scout
21%
(German Only) CS Scoped Assault Rifle SG552
17%
No matching quizzes found
Score Distribution
Percent of People with Each Score
Percentile by Number Answered
Your Score History
You have not taken this quiz